000
00253nam a2200109Ia 4500
008
221009s9999 xx 000 0 und d
082
_a
841/HET
100
_a
Hugo, Victor
_9
19598
245
0
_a
Legende Des Siecles
260
_b
J Hetzel & co
942
_c
BK
999
_c
64566
_d
64566